| 000 | 00404nam a2200157Ia 4500 | ||
|---|---|---|---|
| 008 | 220204s9999 xx 000 0 und d | ||
| 082 |
_a579.66 _bPRE |
||
| 100 | _aDUNN, Cecil Gordon | ||
| 245 | 0 | _aIndustrial microbiology. | |
| 250 | _aEd.3 | ||
| 260 |
_aNew York _bMcgraw Hill _c1959 |
||
| 650 | _aFermentation | ||
| 650 | _aIndustrial microbiology | ||
| 700 | _aPRESCOTT, Samuel Cate | ||
| 942 | _cBK | ||
| 999 |
_c20871 _d20871 |
||